Football Teams Kasper Dolberg Played For - Statistics

General Stats
  • This quiz has been taken 10 times
  • The average score is 4 of 5
Answer Stats
League Years Team % Correct
Netherlands 2016-2019 AFC Ajax
100%
France 2019-2022 OGC Nice
88%
Spain 2022 Sevilla FC
75%
Germany 2023 TSG 1899 Hoffenheim
75%
Belgium 2023- RSC Anderlecht
63%
No matching quizzes found
Score Distribution
Percent of People with Each Score
Percentile by Number Answered
Your Score History
You have not taken this quiz